• 首页
  • 本馆介绍
  • 公告通知
  • 最新文献
  • 馆藏检索
  • 电子资源
  • 读者导购
  • 参考咨询
  • 我的图书馆
  • 登录
  • 详细信息显示
  • 放入我的书架
  • 预约/预借图书
  • 作者相关作品
  • 分类相关作品
  • 丛书相关作品
  • 出版社相关作品

书目信息

  • 表格格式
  • 工作单格式
  • 卡片格式
题名:
无线电应用数学
    
 
作者: 石上彦一 著 ;黄宗成 译
分册: 上册  
出版信息: 北京   科学普及出版社  1980
页数: 157页
开本: 19cm
丛书名:
单 册:
中图分类: O29
科图分类:
主题词: 应用数学-无线电技术 , 应用数学 , 无线电技术-应用数学 , 数学--应用
电子资源:
ISBN:
000 00796nam0 2200277 45
001 0180006142
005 20060510151742.43
010    @dCNY0.41
091    @a13051.1030
100    @a19950309d1980 em y0chiy0121 ea
101 1  @achi@cjpn
102    @aCN@b110000
105    @ay z 000yy
200 10 @a无线电应用数学@Awu xian dian ying yong shu xue@h上册@f(日)石上彦一著@F(ri)shi shang yan yi zhu@g黄宗成译
210    @a北京@c科学普及出版社@d1980
215    @a157页@d19cm
606    @a应用数学-无线电技术
606 0  @a应用数学
606    @a无线电技术-应用数学
606 0  @a数学@x应用
690    @aO29@v4
701  0 @a石上彦一@Ashi shang yan yi@4著
702  0 @a黄宗成@Ahuang zong cheng@4译
801  2 @aCN@bNLC@c20060510
801  0 @aCN@b上海图书馆@c20040519
905    @dO29@e1:1
    
    无线电应用数学.上册/(日)石上彦一著/黄宗成译.-北京:科学普及出版社,1980
    157页;19cm
    
    
    ISBN :CNY0.41
    
●
相关链接 在E读中查询图书 在五车中查询图书 在当当中查询图书 在豆瓣中查询图书


正题名:无线电应用数学     索取号:O29/1:1         预约/预借

序号 登录号 条形码 馆藏地/架位号 状态 备注
1 0064205   200642055   密集书库/ [索取号:O29/1:1] 在馆    
2 0064206   001446876   第三借阅区/ [索取号:O29/1:1] 在馆    
3 0064207   001446885   第三借阅区/ [索取号:O29/1:1] 在馆    
4 0064208   001447170   第二样本阅览室/ [索取号:O29/1:1] 在馆    
5 0064209   202310695   密集书库/ [索取号:O29/1:1] 在馆    
唐山师范学院图书馆 欢迎您!
大连网信软件有限公司© 版权所有